|
|
|
|
| LEADER |
00000nam0a2200000 4500 |
| 001 |
35498 |
| 005 |
20231030233917.0 |
| 035 |
|
|
|a (RuTPU)RU\TPU\book\35932
|
| 035 |
|
|
|a BOOK00002584
|
| 090 |
|
|
|a 35498
|
| 100 |
|
|
|a 20011210d1974 m y0rusy50 ca
|
| 101 |
0 |
|
|a rus
|
| 102 |
|
|
|a RU
|
| 105 |
|
|
|a y j 000zy
|
| 200 |
1 |
|
|a Линейные электрические цепи. Новые разделы курса теоретических основ электротехники
|e учебное пособие
|f Л. А. Бессонов
|
| 205 |
|
|
|a 2-е изд., перераб. и доп.
|
| 210 |
|
|
|a Москва
|c Высшая школа
|d 1974
|
| 215 |
|
|
|a 316 с.
|
| 610 |
1 |
|
|a радиотехника
|
| 610 |
1 |
|
|a электротехника
|
| 610 |
1 |
|
|a линейные электрические цепи
|
| 610 |
1 |
|
|a теория
|
| 610 |
1 |
|
|a расчеты
|
| 610 |
1 |
|
|a огибающие амплитуды
|
| 610 |
1 |
|
|a модуляции
|
| 610 |
1 |
|
|a преобразование Лапласа
|
| 610 |
1 |
|
|a схемы
|
| 610 |
1 |
|
|a расчеты
|
| 610 |
1 |
|
|a учебные пособия
|
| 675 |
|
|
|a 621.3.011(075.8)
|v 3
|
| 700 |
|
1 |
|a Бессонов
|b Л. А.
|g Лев Алексеевич
|
| 801 |
|
0 |
|a RU
|b 63413507
|c 20011210
|g PSBO
|
| 801 |
|
2 |
|a RU
|b 63413507
|c 20130725
|g PSBO
|
| 900 |
|
|
|a Теория электрических цепей и сигналов
|
| 942 |
|
|
|c BK
|